La Clínica Mental de la Diputación de Barcelona en Santa Coloma de Gramanet / Jose M. Pericas, Tomàs Busquet
Descripción Física:
[20], 2 f. plegats : il., map. ; 22 cm
MARC
| LEADER | 00000nam a2200000Ia 4500 | ||
|---|---|---|---|
| 001 | 22964 | ||
| 008 | 160829s1929 xx 000 0 cat d | ||
| 080 | |a RF-17-8 | ||
| 100 | |a Pericas i Morros, Josep Maria |9 39887 | ||
| 245 | |a La Clínica Mental de la Diputación de Barcelona en Santa Coloma de Gramanet / Jose M. Pericas, Tomàs Busquet | ||
| 260 | |a Barcelona : |b Talleres Gráficos de la Casa Provincial de Caridad, |c 1929 | ||
| 300 | |a [20], 2 f. plegats : |b il., map. ; |c 22 cm | ||
| 590 | |a Núm. de full registral: 5766. | ||
| 590 | |a Fotocòpies | ||
| 650 | |a Recinte Torribera (Santa Coloma de Gramenet) |x Història |9 39851 | ||
| 650 | |a Clínica Mental de la Diputació de Barcelona (Santa Coloma de Gramenet) | ||
| 650 | |a Hospitals |x Arquitectura |x Barcelona |9 39888 | ||
| 700 | |a Busquet Teixidor, Tomás |9 19661 | ||
| 700 | |a Clínica Mental de la Diputació de Barcelona (Santa Coloma de Gramenet) | ||
| 901 | |a Arxiu | ||
| 942 | |n 1 | ||
| 952 | |0 0 |1 0 |4 0 |6 RF178 |7 1 |9 49293 |a Arxiu |b Arxiu |d 2016-12-01 |l 0 |o RF-17-8 |p 22964 |r 2016-12-01 00:00:00 |w 2016-12-01 |y ARXIU | ||
| 999 | |c 53135 |d 53135 | ||